| 000 | 00817nam a22002297a 4500 | ||
|---|---|---|---|
| 005 | 20081022113623.0 | ||
| 008 | 081022t xxu||||| |||| 00| 0 eng d | ||
| 010 | _aENG-84296 | ||
| 020 | _a0195670825 | ||
| 020 | _cRs 325.00 (pbk) | ||
| 035 | _aEN-67829 | ||
| 082 | _a344.03270954 | ||
| 100 | _aBajpai, Asha | ||
| 245 |
_aChild rights in India: _blaw, policy and practice / _cby Asha bajpai |
||
| 250 | _a2nd ed | ||
| 260 |
_aNew Delhi _bOxford University Press |
||
| 260 | _c2006 | ||
| 300 |
_alxxix,510p _c22.5cm |
||
| 500 | _aIncludes biblioraphical references and index | ||
| 942 |
_2ddc _cEN _h344.03270954 _m BAJ |
||
| 999 |
_c17635 _d17635 |
||